[Event "Prague op-B 20th"]
[Site "Prague"]
[Date "2022.01.13"]
[Round "8"]
[White "Sedlacek, Pavel"]
[Black "Mrazek, Adam"]
[Result "0-1"]
[WhiteElo "1564"]
[BlackElo "1384"]
[PlyCount "68"]
[EventDate "2022.01.07"]
[EventType "swiss"]
[EventRounds "9"]
[EventCountry "CZE"]
[SourceTitle "CBM 206 Extra"]
[Source "ChessBase"]
[SourceDate "2022.03.31"]
[SourceVersion "1"]
[SourceVersionDate "2022.03.31"]
[SourceQuality "1"]

1. e4 c5 2. Nf3 Nc6 3. d4 cxd4 4. Nxd4 g6 5. Nc3 Bg7 6. Be3 Nf6 7. Bc4 Qa5 8. Nb3 Qb4 9. Qe2 Nxe4 10. 0-0 Nxc3 11. bxc3 Qxc3 12. Bc5 0-0 13. Rae1 d6 14. Be3 Bf5 15. Rc1 Rac8 16. Rfd1 Rc7 17. Bb5 Rfc8 18. Bd3 Bxd3 19. Rxd3 Qb2 20. Bg5 Nd4 21. Nxd4 Bxd4 22. Qg4 Bf6 23. Rb3 Qxa2 24. Bh6 Qxb3 25. h4 Qe6 26. Qa4 Bg7 27. Bg5 Rc4 28. Qa5 h6 29. Be3 Rxc2 30. Rxc2 Rxc2 31. Qd8+ Kh7 32. Qa5 Ra2 33. Qb5 Ra1+ 34. Kh2 Qe5+ 0-1

[Event "Prague op-B 20th"]
[Site "Prague"]
[Date "2022.01.11"]
[Round "6"]
[White "Siles, Jan"]
[Black "Sedlacek, Pavel"]
[Result "0-1"]
[WhiteElo "1607"]
[BlackElo "1564"]
[PlyCount "46"]
[EventDate "2022.01.07"]
[EventType "swiss"]
[EventRounds "9"]
[EventCountry "CZE"]
[SourceTitle "CBM 206 Extra"]
[Source "ChessBase"]
[SourceDate "2022.03.31"]
[SourceVersion "1"]
[SourceVersionDate "2022.03.31"]
[SourceQuality "1"]

1. e4 c6 2. d4 d5 3. f3 e6 4. Nc3 Bb4 5. Be3 dxe4 6. fxe4 Qh4+ 7. Kd2 Qxe4 8. Bd3 Qxg2+ 9. Nge2 Bxc3+ 10. bxc3 Qd5 11. Rg1 g6 12. Nf4 Qd6 13. Qf3 Nd7 14. Raf1 Ngf6 15. Nh3 e5 16. Bg5 exd4 17. cxd4 0-0 18. Nf4 Qxd4 19. Bh6 Ne5 20. Nxg6 Nxf3+ 21. Rxf3 hxg6 22. Rgf1 Ne4+ 23. Ke2 Re8 0-1

[Event "Prague Autumn op 1st"]
[Site "Prague"]
[Date "2021.09.25"]
[Round "3"]
[White "Sedlacek, Pavel"]
[Black "Koper, Stefan"]
[Result "0-1"]
[WhiteElo "1573"]
[BlackElo "1863"]
[PlyCount "124"]
[EventDate "2021.09.24"]
[EventType "swiss"]
[EventRounds "5"]
[EventCountry "CZE"]
[SourceTitle "CBM 204 Extra"]
[Source "ChessBase"]
[SourceDate "2021.11.30"]
[SourceVersion "1"]
[SourceVersionDate "2021.11.30"]
[SourceQuality "1"]

1. e4 g6 2. Nf3 Bg7 3. Nc3 e6 4. d4 d5 5. exd5 exd5 6. Bf4 Ne7 7. Bb5+ c6 8. Be2 0-0 9. Qd2 b5 10. Be5 f6 11. Bf4 a5 12. Bd3 a4 13. a3 Bf5 14. Ne2 Bxd3 15. Qxd3 Nf5 16. h4 Nd6 17. Bxd6 Qxd6 18. g4 Nd7 19. 0-0-0 b4 20. g5 bxa3 21. Qxa3 Qxa3 22. bxa3 Nb6 23. Rd3 Nc4 24. Rh2 Rfe8 25. Ng3 f5 26. h5 Bf8 27. Ne5 Nxe5 28. dxe5 Rxe5 29. f4 Re1+ 30. Kd2 Ra1 31. hxg6 hxg6 32. Nxf5 gxf5 33. Rdh3 Bg7 34. Re2 Kf7 35. Rhe3 Bf8 36. Re5 Rxa3 37. Rxf5+ Kg6 38. Rf6+ Kh5 39. Rg2 Bg7 40. Rxc6 Rf3 41. Rc7 Kg6 42. Rc6+ Kf5 43. Rc7 Bd4 44. Rf7+ Ke6 45. g6 Bf6 46. Re2+ Kf5 47. Rg2 Rg8 48. g7 Ke6 49. Rf8 Rxg7 50. Rxg7 Bxg7 51. f5+ Rxf5 52. Ra8 Rf4 53. Ke3 Rc4 54. Kd3 Be5 55. Re8+ Kd6 56. Rd8+ Kc6 57. Rc8+ Bc7 58. Rg8 Rh4 59. Ra8 Bb6 60. Kc3 Bd4+ 61. Kb4 Bb2+ 62. Ka5 a3 0-1

[Event "Klatovy op-B 23rd"]
[Site "Klatovy"]
[Date "2017.07.02"]
[Round "2"]
[White "Sedlacek, Pavel"]
[Black "Skalicky, Jindrich"]
[Result "1-0"]
[WhiteElo "1580"]
[BlackElo "1274"]
[PlyCount "41"]
[EventDate "2017.07.01"]
[EventType "swiss"]
[EventRounds "9"]
[EventCountry "CZE"]
[SourceTitle "EXT 2018"]
[Source "ChessBase"]
[SourceDate "2017.10.13"]
[SourceVersion "1"]
[SourceVersionDate "2017.10.13"]
[SourceQuality "1"]

1. c4 e5 2. Nc3 Nf6 3. d3 Be7 4. e4 d6 5. Be2 0-0 6. Nf3 Nc6 7. 0-0 Be6 8. a3 Qd7 9. Nd5 Nd4 10. Nxd4 exd4 11. f4 c6 12. Nxf6+ Bxf6 13. f5 Bxf5 14. Rxf5 Qc7 15. Qf1 Qe7 16. Qf3 a5 17. Bh6 Rfb8 18. Rf1 b5 19. Qg4 bxc4 20. Rxf6 Rxb2 21. Qxg7# 1-0

[Event "Klatovy op-B 22nd"]
[Site "Klatovy"]
[Date "2016.07.09"]
[Round "8"]
[White "Svejdar, Pavel"]
[Black "Sedlacek, Pavel"]
[Result "1-0"]
[WhiteElo "1544"]
[BlackElo "1612"]
[PlyCount "91"]
[EventDate "2016.07.02"]
[EventType "swiss"]
[EventRounds "9"]
[EventCountry "CZE"]
[SourceTitle "EXT 2019"]
[Source "ChessBase"]
[SourceDate "2018.10.10"]
[SourceVersion "1"]
[SourceVersionDate "2018.10.10"]
[SourceQuality "1"]

1. e4 c5 2. Nf3 d6 3. d4 cxd4 4. Nxd4 Nf6 5. Nc3 a6 6. Bd3 Nc6 7. Nf3 Bg4 8. Be2 e6 9. Bg5 Be7 10. 0-0 0-0 11. Re1 Qc7 12. a3 Rad8 13. Bh4 Ne8 14. Bg3 Bf6 15. Qd3 Qe7 16. Rab1 Nc7 17. h3 Bxf3 18. Bxf3 Ne5 19. Qe2 Nxf3+ 20. Qxf3 g6 21. Red1 Rd7 22. Bxd6 Rxd6 23. Rxd6 Qxd6 24. Qxf6 Qd8 25. Qf4 Qe7 26. Rd1 Rd8 27. Qf3 Kg7 28. e5 Rxd1+ 29. Qxd1 Qc5 30. Qd6 b6 31. Qxc5 bxc5 32. Ne4 c4 33. Nd6 c3 34. bxc3 f6 35. f4 f5 36. c4 Kf8 37. Kf2 Ke7 38. Ke3 Kd7 39. Kd4 Kc6 40. Kc3 Kb6 41. Nf7 Kc5 42. Ng5 h6 43. Nf7 g5 44. fxg5 hxg5 45. Nxg5 Kc6 46. h4 1-0

[Event "Klatovy op-B 22nd"]
[Site "Klatovy"]
[Date "2016.07.07"]
[Round "6"]
[White "Kocandova, Martina"]
[Black "Sedlacek, Pavel"]
[Result "1/2-1/2"]
[WhiteElo "1731"]
[BlackElo "1612"]
[PlyCount "84"]
[EventDate "2016.07.02"]
[EventType "swiss"]
[EventRounds "9"]
[EventCountry "CZE"]
[SourceTitle "EXT 2019"]
[Source "ChessBase"]
[SourceDate "2018.10.10"]
[SourceVersion "1"]
[SourceVersionDate "2018.10.10"]
[SourceQuality "1"]

1. e4 c5 2. Nf3 d6 3. d4 cxd4 4. Nxd4 Nc6 5. Nc3 g6 6. Nd5 e6 7. Nc3 a6 8. Be3 Bg7 9. Qd2 Nf6 10. Be2 Qc7 11. Ndb5 axb5 12. Nxb5 Qa5 13. Nxd6+ Ke7 14. Qxa5 Rxa5 15. Nc4 Nxe4 16. Nxa5 Nxa5 17. 0-0-0 Bd7 18. f3 Nd6 19. Bc5 Be5 20. g3 Rc8 21. b4 b6 22. f4 Bxf4+ 23. gxf4 bxc5 24. bxa5 c4 25. Rd4 Bb5 26. a4 Bxa4 27. a6 Ra8 28. Bxc4 Nxc4 29. Rxc4 Rxa6 30. Rc7+ Kf6 31. Rd1 Rb6 32. Ra7 Rb4 33. Rf1 Rc4 34. Rf2 h5 35. Kb2 Kg7 36. c3 Bc6 37. Rc7 Kf6 38. Kb3 Rc5 39. Kb4 Rb5+ 40. Kc4 Be8 41. Rc8 Bd7 42. Rd2 Rb7 1/2-1/2

[Event "Klatovy op-B 22nd"]
[Site "Klatovy"]
[Date "2016.07.04"]
[Round "3"]
[White "Sedlacek, Pavel"]
[Black "Janous, Marek"]
[Result "1-0"]
[WhiteElo "1612"]
[BlackElo "1200"]
[PlyCount "147"]
[EventDate "2016.07.02"]
[EventType "swiss"]
[EventRounds "9"]
[EventCountry "CZE"]
[SourceTitle "EXT 2019"]
[Source "ChessBase"]
[SourceDate "2018.10.10"]
[SourceVersion "1"]
[SourceVersionDate "2018.10.10"]
[SourceQuality "1"]

1. c4 d5 2. cxd5 Qxd5 3. Nc3 Qd8 4. d4 Nf6 5. Nf3 Bf5 6. e3 a6 7. Be2 e6 8. 0-0 Nc6 9. a3 Be7 10. b4 0-0 11. Bb2 Re8 12. Rc1 h6 13. h3 Nd5 14. Bd3 Nxc3 15. Bxc3 Bxd3 16. Qxd3 e5 17. d5 Bf6 18. e4 Nd4 19. Nxd4 exd4 20. Bxd4 Bxd4 21. Qxd4 c6 22. Rfd1 cxd5 23. Qxd5 Qxd5 24. exd5 Rac8 25. Ra1 Rcd8 26. Rd2 Re5 27. Rad1 f5 28. f4 Re3 29. a4 Re4 30. Rd4 Rxd4 31. Rxd4 Kf7 32. g4 Kf6 33. Kf2 g5 34. Kf3 fxg4+ 35. hxg4 gxf4 36. Kxf4 b6 37. Rd2 a5 38. b5 Rf8 39. Re2 Kg6+ 40. Kg3 Rd8 41. Re6+ Kg5 42. Re5+ Kf6 43. Kf4 Rc8 44. Re6+ Kg7 45. d6 Kf7 46. d7 Rd8 47. Rd6 Ke7 48. Ke5 Rg8 49. d8Q+ Rxd8 50. Rxd8 Kxd8 51. Kf6 Ke8 52. Kg6 h5 53. gxh5 Kf8 54. Kf6 Kg8 55. Ke6 Kh7 56. Kd6 Kh6 57. Kc6 Kxh5 58. Kxb6 Kg6 59. Kxa5 Kf7 60. b6 Ke7 61. b7 Kd7 62. b8Q Ke6 63. Qb5 Kd6 64. Kb4 Kc7 65. Qa6 Kd7 66. Kc5 Ke7 67. Qd6+ Kf7 68. Kd5 Kg7 69. Ke5 Kh7 70. Kf5 Kg7 71. Qf6+ Kh7 72. Qg5 Kh8 73. Kf6 Kh7 74. Qg7# 1-0